000 00597nam a2200229Ia 4500
008 170203s9999 xx 000 0 und d
020 _a0-590222953
050 _aFic
050 _b.C689J 1995
100 _aCole, Joanna
245 _aMagic school bus gets baked in a cake :
245 _ba book about kitchen Chemistry /
245 _cJoana Cole.
260 _aNew York :
260 _bScholastic Inc.,
260 _c1995
300 _bcol. ill. ;
440 _aThe Magic School Bus
650 _aJuvenile literature.
650 _xChildren stories.
650 _xKitchen --
999 _c306011
_d306011